000 00437nam a2200109Ia 4500
008 160909s9999 xx 000 0 und d
100 _aMiller, Joy E.
245 4 _aThe Beach Village web pages development project: California State University Long Beach Center for Community Engagement
260 _bCalifornia State University, Long Beach.
_c2016
650 _aNursing
856 _uhttp://pqdtopen.proquest.com/doc/1792644996.html?FMT=ABS
999 _c303937
_d303937